Piezas maestras de la Pintura Mural Mexicana = Masterpieces of the Mexican Mural Paintings = Chefs d´oeuvre de la Peinture Murale Mexicaine = Meisterwerke der Mexikanischen Wandmalerei (Record no. 9769)

MARC details
000 -CABECERA
campo de control de longitud fija 01001nam a2200253 a 4500
001 - NÚMERO DE CONTROL
campo de control BRL_957
005 - FECHA Y HORA DE LA ÚLTIMA TRANSACCIÓN
campo de control 20190320210954.0
008 - DATOS DE LONGITUD FIJA--INFORMACIÓN GENERAL
campo de control de longitud fija 291013s1970----mx-a######---#000-0#spa-#
041 ## - CÓDIGO DE LENGUA
Código de lengua del texto/banda sonora o título independiente spaengfreger
044 ## - CÓDIGO DEL PAÍS DE LA ENTIDAD EDITORA/PRODUCTORA
Código MARC del país mx
050 #4 - SIGNATURA TOPOGRÁFICA DE LA BIBLIOTECA DEL CONGRESO
Número de clasificación ND257.M45
Número de documento/Ítem .P54 1970
245 10 - MENCIÓN DE TÍTULO
Título Piezas maestras de la Pintura Mural Mexicana = Masterpieces of the Mexican Mural Paintings = Chefs d´oeuvre de la Peinture Murale Mexicaine = Meisterwerke der Mexikanischen Wandmalerei
260 ## - PUBLICACIÓN, DISTRIBUCIÓN, ETC.
Lugar de publicación, distribución, etc. México
Nombre del editor, distribuidor, etc. Panorama
Fecha de publicación, distribución, etc. [1970]
300 ## - DESCRIPCIÓN FÍSICA
Extensión 1 portafolio
Otras características físicas il., 8 láminas
Dimensiones 31 cm.
Material acompañante/anejo + Folleto (47 p., 22 cm.)
500 ## - NOTA GENERAL
Nota general Au2280
500 ## - NOTA GENERAL
Nota general Texto en: español, inglés, francés y alemán.
600 14 - PUNTO DE ACCESO ADICIONAL DE MATERIA--NOMBRE DE PERSONA
Nombre de persona Clemente Orozco, José
Fechas asociadas al nombre 1883-1949
Subdivisión de forma Biografía
9 (RLIN) 25444
600 14 - PUNTO DE ACCESO ADICIONAL DE MATERIA--NOMBRE DE PERSONA
Nombre de persona Rivera, Diego
Fechas asociadas al nombre 1886-1957
Subdivisión de forma Biografía
9 (RLIN) 25445
600 14 - PUNTO DE ACCESO ADICIONAL DE MATERIA--NOMBRE DE PERSONA
Nombre de persona Alfaro Siqueiros, David
Fechas asociadas al nombre 1896-1974
Subdivisión de forma Biografía
9 (RLIN) 25446
600 14 - PUNTO DE ACCESO ADICIONAL DE MATERIA--NOMBRE DE PERSONA
Nombre de persona Tamayo, Rufino
Fechas asociadas al nombre 1899-1991
Subdivisión de forma Biografía
9 (RLIN) 25447
650 14 - PUNTO DE ACCESO ADICIONAL DE MATERIA--TÉRMINO DE MATERIA
Término de materia o nombre geográfico como elemento de entrada pintura mural
Subdivisión geográfica México
9 (RLIN) 5317
902 ## - CATALOGADOR
Iniciales GRL
942 ## - ELEMENTOS DE PUNTO DE ACCESO ADICIONAL (KOHA)
Fuente del sistema de clasificación o colocación Library of Congress Classification
Tipo de ítem Koha Libros
Holdings
Estado de retiro Estado de pérdida Estado dañado No para préstamo Localización permanente Ubicación/localización actual Fecha de adquisición Número de inventario Total de préstamos Signatura topográfica completa Código de barras Fecha visto por última vez Precio válido a partir de Tipo de ítem Koha
El ejemplar forma parte de la colección y puede ser consultado según las políticas vigentes.       Biblioteca Centro de Estudios Ruth D. Lechuga Biblioteca Centro de Estudios Ruth D. Lechuga 29/10/2013 Au2280   ND257.M45 .P54 1970 (Au2280) GRL01034 22/03/2019 22/03/2019 Libros